000 00274nam a2200133Ia 4500
100 _aBhandarkar/ B.G.
942 _cBK
654 _aPhysics
245 _aApplied Physics
260 _bMc Graw Hill
_aAuckland
_c1985
082 _a530
300 _a1077
546 _aENGLISH
999 _c35068
_d35068